| 000 | 00879nam a22002657a 4500 | ||
|---|---|---|---|
| 003 | OSt | ||
| 005 | 20260530113912.0 | ||
| 008 | 260505b2004 sp a|||| |||| 00| 0 spa d | ||
| 020 | _a8496241912 | ||
| 040 |
_aICI _bspa _cICI |
||
| 041 | _aspa | ||
| 050 |
_aNA2540.6 _bK67 2005 |
||
| 100 | 1 |
_aKliczkowski, H.. _eautor _933602 |
|
| 245 | 0 | 0 |
_aBaños / _cFrancisco Asensio Acero y H. Kliczkowski |
| 260 |
_aBarcelona : _bLinks International : _bH. Kliczkowski, _c2005. |
||
| 300 |
_a62 páginas : _eilustraciones |
||
| 504 | _aIncluye referencias. | ||
| 650 | 4 |
_aBaños _xDiseño _933603 |
|
| 650 | 4 |
_aCuartos de baño _xDiseño y construcción _933604 |
|
| 650 | 4 |
_aArquitectura de interiores _933605 |
|
| 650 | 4 |
_aDiseño de interiores _919717 |
|
| 650 | 4 |
_aViviendas _xInstalaciones sanitarias _933606 |
|
| 700 |
_aAcero, Francisco Asensio, _eautor _933607 |
||
| 942 |
_2lcc _cBK _n1 |
||
| 999 |
_c12173 _d12173 |
||